ARRUPE JESUIT UNIVERSITY

CORONAVIRUS -STOP THE SPREAD - CLEAN,DISINFECT,COVER

Brazilian adventure, (Record no. 124006)

MARC details
000 -LEADER
fixed length control field 00886cam a22002651 4500
001 - CONTROL NUMBER
control field 9226895
003 - CONTROL NUMBER IDENTIFIER
control field ARRUPE
005 - DATE AND TIME OF LATEST TRANSACTION
control field 20160122112452.0
008 - FIXED-LENGTH DATA ELEMENTS--GENERAL INFORMATION
fixed length control field 780705s1933 xx 000 0 eng
010 ## - LIBRARY OF CONGRESS CONTROL NUMBER
LC control number 33031720
035 ## - SYSTEM CONTROL NUMBER
System control number (OCoLC)4025443
040 ## - CATALOGING SOURCE
Original cataloging agency DLC
Transcribing agency OAk
Modifying agency DLC
050 00 - LIBRARY OF CONGRESS CALL NUMBER
Classification number SPC F2515
Item number .F742
082 ## - DEWEY DECIMAL CLASSIFICATION NUMBER
Classification number 918.1
300 ## - PHYSICAL DESCRIPTION
Other physical details front., illus. (maps) plates, ports.
Dimensions 21 cm.
100 1# - MAIN ENTRY--PERSONAL NAME
Personal name Fleming, Peter,
Dates associated with a name 1907-1971.
9 (RLIN) 21714
245 10 - TITLE STATEMENT
Title Brazilian adventure,
Statement of responsibility, etc by Peter Fleming.
260 ## - PUBLICATION, DISTRIBUTION, ETC. (IMPRINT)
Place of publication, distribution, etc London,
-- Toronto,
Name of publisher, distributor, etc Jonathan Cape
Date of publication, distribution, etc 1933
300 ## - PHYSICAL DESCRIPTION
Extent 414 p.;
500 ## - GENERAL NOTE
General note The story of the author's search for Colonel Fawcett.
600 10 - SUBJECT ADDED ENTRY--PERSONAL NAME
Personal name Fawcett, Percy Harrison,
Dates associated with a name 1867-1925?
9 (RLIN) 21715
650 #0 - SUBJECT ADDED ENTRY--TOPICAL TERM
Topical term or geographic name as entry element Indians of South America
Geographic subdivision Brazil.
9 (RLIN) 21716
651 #0 - SUBJECT ADDED ENTRY--GEOGRAPHIC NAME
Geographic name Brazil
General subdivision Description and travel.
9 (RLIN) 21717
906 ## - LOCAL DATA ELEMENT F, LDF (RLIN)
a 7
b cbc
c oclcrpl
d u
e ncip
f 19
g y-gencatlg
942 ## - ADDED ENTRY ELEMENTS (KOHA)
Source of classification or shelving scheme Library of Congress Classification
Koha item type Monograph ( Printed materials)
Holdings
Withdrawn status Lost status Source of classification or shelving scheme Damaged status Not for loan Collection code Home library Current library Shelving location Date acquired Total Checkouts Full call number Barcode Date last seen Price effective from Koha item type
    Library of Congress Classification     Main Collection ARRUPE LIBRARY ARRUPE LIBRARY Main Collection 22/01/2016   SPC F2515.F742 46500006006 22/01/2016 22/01/2016 Monograph ( Printed materials)

 

Arrupe Library. PO Box MP320 Mt Pleasant, Harare, Zimbabwe
263 242 745411|librarian@aju.ac.zw